Security in computing (Record no. 5676)
[ view plain ]
| 000 -LEADER | |
|---|---|
| fixed length control field | 00635nam a2200181Ia 4500 |
| 003 - CONTROL NUMBER IDENTIFIER | |
| control field | SGT |
| 020 ## - INTERNATIONAL STANDARD BOOK NUMBER | |
| International Standard Book Number | 9780130355485 |
| 082 ## - DEWEY DECIMAL CLASSIFICATION NUMBER | |
| Classification number | 5.8 |
| Item number | CHA |
| 100 ## - MAIN ENTRY--PERSONAL NAME | |
| Personal name | Pfleeger,Charles P |
| 245 ## - TITLE STATEMENT | |
| Title | Security in computing |
| 250 ## - EDITION STATEMENT | |
| Edition statement | 3rd Ed. |
| 260 ## - PUBLICATION, DISTRIBUTION, ETC. (IMPRINT) | |
| Name of publisher, distributor, etc | PHI Learning Private Limited |
| Place of publication, distribution, etc | New Delhi |
| Year of Publication | 2003 |
| 300 ## - PAGE DESCRIPTION | |
| No. of Pages | 746p. |
| 650 ## - SUBJECT ADDED ENTRY--TOPICAL TERM | |
| Topical term or geographic name as entry element | COMPUTER SCIENCE |
| 653 ## - KEYWORDS--INDEX TERM | |
| Keyword term | IS THERE A SECURITY PROBLEM IN COMPUTING, ELEMENTARY CRYPTOGRAPHY, PROGRAM SECURITY, PROTECTION IN GENERAL-PURPOSE OPERATING SYSTEM, DESIGNING TRUSTED OPERATING SYSTEM, SECURITY IN NETWORK, ADMINISTERING SECURITY, |
| 700 ## - ADDED ENTRY--PERSONAL NAME | |
| Personal name | Pfleeger,Shari Lawrence |
| 942 ## - ADDED ENTRY ELEMENTS (KOHA) | |
| Source of classification or shelving scheme | Dewey Decimal Classification |
| Koha item type | Books |
| Withdrawn status | Lost status | Source of classification or shelving scheme | Damaged status | Not for loan | Home library | Current library | Date acquired | SGTU | Total Checkouts | Full call number | Accession No. (Barcode) | Date last seen | Date last borrowed | Bill Date | Koha item type |
|---|---|---|---|---|---|---|---|---|---|---|---|---|---|---|---|
| Dewey Decimal Classification | SGT Engineering Library | SGT Engineering Library | 17/09/2013 | SGTU | 1 | 5.8 CHA | FE6246 | 14/10/2025 | 30/09/2025 | 09/02/2015 | Books |